000 00329nam a2200133 i 4500
001 bg
100 1 _aKISELEV, V. F.
245 0 _aPoverchnostnye javlenja v poluprovodnikach i dielektrykach /
_cV.F. Kiselev.
260 _aMoskva.
040 _cBPK
041 _apol
942 _cKS
008 s pl f |000 0 pol
999 _c25538
_d25538
856 _uhttp://koha.tu.koszalin.pl/cgi-bin/koha/opac-detail.pl?biblionumber=25538
_yKatalog online BPK